000 01047nam0a22003011 4500
001 RU\INGAK2\INFOCOMM_327\NLR\5000022688
005 20250625202813.0
035 _a(NLR Aleph) 011033954
090 _a11122284
_c11122284
100 _a20130208d1974 |||y0rusy50 ca
101 0 _aspa
102 _aRU
105 _ay z||||
200 1 _aEjercito Soviético: tropas de desembarco aereo
_fI. Lísov, ten. gen.
210 _aM.
_cEd. de la Agencia de prensa "Nóvosti"
_d1974
215 _a72 с.
_cил.
_d16 см
300 _aВ вып. дан.: И. Лисов. Воздушно-десантные войска Советской Армии
517 1 _aВоздушно-десантные войска Советской Армии
_zrus
620 _aМосква
686 _aВ23-0
_2rubbk
686 _a[Ц55,6(2)]
_2rubbk
700 1 _9z01790
_aLisov
_bI. I.
_gIvan Ivanovič
790 1 _9z01700
_aLísov
_bI.
_4070
801 1 _aRU
_bInfoComm
_c20130208
801 0 _aRU
_bNLR
_gPSBO
852 _aNLR
_jВ81 Д-2/7
942 _cBOOK
980 _aNB